00619nam a2200217 a 4500001001300000003000900013005001700022008004100039020000900080082001500089245002700104260004200131300000900173500003500182650002500217710003700242902000800279942000700287952009200294999001500386nice12345678IN_TiNIC20260116011549.0070615s1939 oxfa grp 000 0 eng  ac3500a231.7bINT aAuthority of the Faith aOxfordbOxford University Pressc1939 a216p aincludes index and biblioraphy aRevelation-Christian2 aInternational Missionary Council bSRS cBK 00104070aHMIbHMId2008-05-26g35.00l0o231.7 INTp798r2008-05-26w2026-01-16yEB c2630d2630